|
|
|
|
| LEADER |
00000nab a2200000uu 4500 |
| 001 |
vtls011486727 |
| 003 |
SK-MaSNL |
| 005 |
20260303154452.0 |
| 008 |
230222|1979 xo |||||||||||||||||slo| |
| 015 |
|
|
|a SNBRB
|
| 035 |
|
|
|a (urnnbn)urn:nbn:sk:snk:ar-007a3l
|
| 035 |
|
|
|a (uuid)32078574-a9ac-4195-8a04-e4e377c4843f
|
| 035 |
|
|
|a urn:nbn:sk:snk-abdcsk
|
| 040 |
|
|
|a SNKBUCL
|b slo
|c SNKBUCL
|e AACR2
|
| 041 |
0 |
|
|a slo
|
| 044 |
|
|
|a xo
|c SK
|
| 100 |
1 |
|
|a Ondrejka, Robert
|4 aut
|9 452998
|
| 245 |
1 |
0 |
|a Realizácia úloh vyplývajúcich z Projektu urbanizácie SSR
|c Robert Ondrejka
|
| 773 |
0 |
|
|t Urbanita : vedecko-technické informácie z oblasti urbanizmu a územného plánovania
|g Roč. 6-1978, č. 2 (1979), s. 59-64
|
| 954 |
|
|
|a odborná, vedecká literatúra pôvodná (slovenská)
|2 lita
|
| 958 |
|
|
|a OND
|
| 958 |
|
|
|a EUIPO
|
| 958 |
|
|
|a article18
|
| 999 |
|
|
|c 2034465
|d 2036395
|